<?xml version="1.0" encoding="UTF-8"?>
<record
    xmlns:xsi="http://www.w3.org/2001/XMLSchema-instance"
    xsi:schemaLocation="http://www.loc.gov/MARC21/slim http://www.loc.gov/standards/marcxml/schema/MARC21slim.xsd"
    xmlns="http://www.loc.gov/MARC21/slim">

  <leader>02171nam a2200373 a 4500</leader>
  <controlfield tag="001">000021835</controlfield>
  <controlfield tag="003">DO-SdBNP</controlfield>
  <controlfield tag="005">20240307174645.0</controlfield>
  <controlfield tag="007">ta</controlfield>
  <controlfield tag="008">100913s2000    dr ac         001 0 spa d</controlfield>
  <datafield tag="020" ind1=" " ind2=" ">
    <subfield code="z">8489536995</subfield>
  </datafield>
  <datafield tag="040" ind1=" " ind2=" ">
    <subfield code="a">DO-SdBNP</subfield>
    <subfield code="b">spa</subfield>
    <subfield code="c">BNPHU</subfield>
  </datafield>
  <datafield tag="082" ind1=" " ind2="4">
    <subfield code="a">305.89729382</subfield>
    <subfield code="b">P933e</subfield>
    <subfield code="2">22</subfield>
  </datafield>
  <datafield tag="245" ind1="0" ind2="0">
    <subfield code="a">Presencia &#xE9;tnica en San Pedro de Macor&#xED;s /</subfield>
    <subfield code="c">Manuel Garc&#xED;a Ar&#xE9;valo... [et. al.] ; presentaci&#xF3;n Jos&#xE9; Hazim Frapier.</subfield>
  </datafield>
  <datafield tag="260" ind1=" " ind2=" ">
    <subfield code="a">Santo Domingo :</subfield>
    <subfield code="b">Universidad Central del Este,</subfield>
    <subfield code="c">2000.</subfield>
  </datafield>
  <datafield tag="300" ind1=" " ind2=" ">
    <subfield code="a">163 p. :</subfield>
    <subfield code="b">ilustraciones ;</subfield>
    <subfield code="c">24 cm.</subfield>
  </datafield>
  <datafield tag="490" ind1="1" ind2=" ">
    <subfield code="a">XXX Aniversario de la UCE ;</subfield>
    <subfield code="v">1</subfield>
  </datafield>
  <datafield tag="504" ind1=" " ind2=" ">
    <subfield code="a">Incluye referencias bibliogr&#xE1;ficas y notas al pie de p&#xE1;ginas.</subfield>
  </datafield>
  <datafield tag="505" ind1="0" ind2=" ">
    <subfield code="a">Presentaci&#xF3;n /</subfield>
    <subfield code="r">Jos&#xE9; Hazim Frapier --</subfield>
    <subfield code="t">La presencia espa&#xF1;ola en San Pedro de Macor&#xED;s /</subfield>
    <subfield code="r">Manuel Garc&#xED;a Ar&#xE9;valo --</subfield>
    <subfield code="t">Inmigraci&#xF3;n cubana en San Pedro de Macor&#xED;s : su incidencia en el desarrollo de la provincia y del pa&#xED;s /</subfield>
    <subfield code="r">Ferm&#xED;n &#xC1;lvarez Santana --</subfield>
    <subfield code="t">Aportes econ&#xF3;micos, sociales y culturales de la inmigraci&#xF3;n puertorrique&#xF1;a en San Pedro de Macor&#xED;s /</subfield>
    <subfield code="r">Ferm&#xED;n &#xC1;lvarez Santana --</subfield>
    <subfield code="t">El aporte de los cocol&#xF3; a la cultura de San Pedro de Macor&#xED;s /</subfield>
    <subfield code="r">Julio C&#xE9;sar Mota Acosta --</subfield>
    <subfield code="t">Los &#xE1;rabes en San Pedro de Macor&#xED;s /</subfield>
    <subfield code="r">Orlando Inoa --</subfield>
    <subfield code="t">Incidencia de la &#xE9;tnia haitiana en San Pedro de Macor&#xED;s /</subfield>
    <subfield code="r">Rafael Jarvis Luis --</subfield>
    <subfield code="g">Conclusi&#xF3;n.</subfield>
  </datafield>
  <datafield tag="590" ind1=" " ind2=" ">
    <subfield code="a">Inventariado, 2018/BT</subfield>
  </datafield>
  <datafield tag="650" ind1=" " ind2="4">
    <subfield code="a">Composici&#xF3;n &#xE9;tnica</subfield>
    <subfield code="z">San Pedro De Macor&#xED;s (Rep&#xFA;blica Dominicana{Rpara}</subfield>
    <subfield code="9">45343</subfield>
  </datafield>
  <datafield tag="650" ind1=" " ind2="4">
    <subfield code="a">Composici&#xF3;n de la poblaci&#xF3;n</subfield>
    <subfield code="z">San Pedro De Macor&#xED;s (Rep&#xFA;blica Dominicana{Rpara}</subfield>
    <subfield code="9">45344</subfield>
  </datafield>
  <datafield tag="650" ind1=" " ind2="4">
    <subfield code="a">Identidad cultural</subfield>
    <subfield code="z">San Pedro De Macor&#xED;s (Rep&#xFA;blica Dominicana{Rpara}</subfield>
    <subfield code="9">45345</subfield>
  </datafield>
  <datafield tag="651" ind1=" " ind2="4">
    <subfield code="a">Rep&#xFA;blica Dominicana</subfield>
    <subfield code="x">Caracter&#xED;sticas Nacionales</subfield>
    <subfield code="9">1720</subfield>
  </datafield>
  <datafield tag="700" ind1="1" ind2=" ">
    <subfield code="a"> Garc&#xED;a Ar&#xE9;valo, Manuel Antonio,</subfield>
    <subfield code="d">1948-</subfield>
    <subfield code="9">59457</subfield>
  </datafield>
  <datafield tag="700" ind1="1" ind2=" ">
    <subfield code="a">Alvarez Santana, Ferm&#xED;n</subfield>
    <subfield code="9">7814</subfield>
  </datafield>
  <datafield tag="700" ind1="1" ind2=" ">
    <subfield code="a">Mota Acosta, Julio C&#xE9;sar</subfield>
    <subfield code="9">45346</subfield>
  </datafield>
  <datafield tag="700" ind1="1" ind2=" ">
    <subfield code="a">Inoa, Orlando</subfield>
    <subfield code="9">5784</subfield>
  </datafield>
  <datafield tag="700" ind1="1" ind2=" ">
    <subfield code="a">Jarvis Luis, Rafael</subfield>
    <subfield code="9">21006</subfield>
  </datafield>
  <datafield tag="700" ind1="1" ind2=" ">
    <subfield code="a">Hazim, Jos&#xE9;,</subfield>
    <subfield code="d">presentaci&#xF3;n</subfield>
    <subfield code="9">45347</subfield>
  </datafield>
  <datafield tag="830" ind1=" " ind2="0">
    <subfield code="a">XXX Aniversario de la UCE ;</subfield>
    <subfield code="n">1</subfield>
    <subfield code="9">45348</subfield>
  </datafield>
  <datafield tag="910" ind1=" " ind2=" ">
    <subfield code="a">Validado. Control de calidad. EMS</subfield>
  </datafield>
  <datafield tag="942" ind1=" " ind2=" ">
    <subfield code="2">ddc</subfield>
    <subfield code="c">LBS1</subfield>
  </datafield>
  <datafield tag="952" ind1=" " ind2=" ">
    <subfield code="0">0</subfield>
    <subfield code="1">0</subfield>
    <subfield code="2">ddc</subfield>
    <subfield code="5">1</subfield>
    <subfield code="7">0</subfield>
    <subfield code="8">PD</subfield>
    <subfield code="a">BNPHU</subfield>
    <subfield code="b">BNPHU</subfield>
    <subfield code="c">HD</subfield>
    <subfield code="d">2010-09-13</subfield>
    <subfield code="o">BNPHU PD 305.89729382 P933e</subfield>
    <subfield code="p">21835-10</subfield>
    <subfield code="r">2020-06-25</subfield>
    <subfield code="w">2020-06-25</subfield>
    <subfield code="y">LBS1</subfield>
  </datafield>
  <datafield tag="952" ind1=" " ind2=" ">
    <subfield code="0">0</subfield>
    <subfield code="1">0</subfield>
    <subfield code="2">ddc</subfield>
    <subfield code="5">1</subfield>
    <subfield code="7">0</subfield>
    <subfield code="8">PD</subfield>
    <subfield code="a">BNPHU</subfield>
    <subfield code="b">BNPHU</subfield>
    <subfield code="c">HD</subfield>
    <subfield code="d">2013-07-01</subfield>
    <subfield code="o">BNPHU PD 305.89729382 P933e</subfield>
    <subfield code="p">21835-20</subfield>
    <subfield code="r">2020-06-25</subfield>
    <subfield code="t">e. 2</subfield>
    <subfield code="w">2020-06-25</subfield>
    <subfield code="y">LBS1</subfield>
  </datafield>
  <datafield tag="952" ind1=" " ind2=" ">
    <subfield code="0">0</subfield>
    <subfield code="1">0</subfield>
    <subfield code="2">ddc</subfield>
    <subfield code="5">6</subfield>
    <subfield code="7">0</subfield>
    <subfield code="8">DS</subfield>
    <subfield code="a">BNPHU</subfield>
    <subfield code="b">BNPHU</subfield>
    <subfield code="c">HD</subfield>
    <subfield code="d">2023-02-22</subfield>
    <subfield code="e">Donaci&#xF3;n</subfield>
    <subfield code="l">0</subfield>
    <subfield code="o">BNPHU DS 305.89729382 P933e</subfield>
    <subfield code="p">2023-1068</subfield>
    <subfield code="r">2023-02-22</subfield>
    <subfield code="t">e.3</subfield>
    <subfield code="w">2023-02-22</subfield>
    <subfield code="y">LBS1</subfield>
  </datafield>
  <datafield tag="999" ind1=" " ind2=" ">
    <subfield code="c">21333</subfield>
    <subfield code="d">21333</subfield>
  </datafield>
</record>
